000 00917pab a2200157 454500
008 180718b1999 xxu||||| |||| 00| 0 eng d
100 _aChandra, Nirmal Kumar
245 _aFDI and domestic economy: neoliberalism in China
260 _c1999
300 _ap.3195-212
362 _a6 Nov
520 _aThis paper explores the complexity of China's FDI policy. Beginning with the size of inflows and their distribution by sector, host region and source country, it goes on to describe the changing policies and the new types of foreign firms emerging in the recent past. A critical look at official data suggests an exaggeration of the stock of inward FDI and an understatement of FDI outflows, which is often misconstrued as capital flight. This leads to a discussion of the role of FDI in China's economy. - Reproduced
650 _aForeign investment
773 _aEconomic and Political Weekly
909 _a43071
999 _c43071
_d43071